A rezervációs részleg működése a Novotel Budapest Centrum szállodában és a szobafoglalási szokások vizsgálata

Bibliographic Details
Main Author: Jász Olivér Iván
Other Authors: Karakasné Morvay Dr. Klára
Format: Thesis
Kulcsszavak:szobafoglalás
sales
szobafoglalási szokások
értékesítés
rezerváció
Online Access:http://dolgozattar.uni-bge.hu/15470

MARC

LEADER 00000nta a2200000 i 4500
001 dolg15470
005 20180802104332.0
008 180509suuuu hu om 000 hun d
040 |a BGE Dolgozattár Repozitórium  |b hun 
041 |a hu 
100 1 |a Jász Olivér Iván 
245 1 2 |a A rezervációs részleg működése a Novotel Budapest Centrum szállodában és a szobafoglalási szokások vizsgálata  |c Jász Olivér Iván  |h [elektronikus dokumentum] 
695 |a szobafoglalás 
695 |a sales 
695 |a szobafoglalási szokások 
695 |a értékesítés 
695 |a rezerváció 
700 1 |a Karakasné Morvay Dr. Klára  |e ths 
856 4 0 |u http://dolgozattar.uni-bge.hu/15470/1/REP__szakdolgozat_jaszoliver_20180503_VEGLEGES_Repozitorium.pdf  |z Dokumentum-elérés